00649 2200229 4500001002100000005001700021008004100038020002200079035002500101040001200126082000800138084001800146100001900164245009400183250001000277260003000287300003000317650002000347700001600367700002400383850001200407INLIS00000000000528720150512093306.0  a978-979-29-2134-2 a0010-051500000000420 aYOPDYOG a813 aDEP 813 Lin P aLINDA EMIYANTI aPetualangan Taniac/ Linda Emiyanti ; ilustrator Ahmad Lutvi ; editor Sisilia Triana Dewi aCet.1 aYogyakartabRainbowc2013 a24 hlm.b: ilus.c; 19 cm aNovel-Indonesia aAhmad Lutvi aSisilia Triana Dewi aYOPDYOG